| 000 | 01158cam a2200217 4500 | ||
|---|---|---|---|
| 001 | WB3834-25 | ||
| 008 | 020918n2002 000 0 eng u | ||
| 035 | _a(Sirsi) u119743 | ||
| 245 | _aHazardous waste guidance | ||
| 260 | _c2002 | ||
| 490 |
_aEnvironment Agency Press Release _v17 September 2002, (2) |
||
| 520 | _aThe Environment Agency has published techical guidance for consultation on how to classify wastes as hazardous or non-hazardous. The guidance follows revisions to the European Waste Catalogue (94/3/EC) and the Hazardous Waste List (94/904/EC). Consultation deadline is 12 December 2002. "Hazardous wastes: a technical guidance note on their definition and classification" available at www.environment-agency.gov.uk/yourenv/consultations/348683/?version=1&lang=_e www.environment-agency.gov.uk/news/353258?lang=_e®ion=&projectstatus=&theme=&subject=&searchfor=&topic=&area=&month= | ||
| 590 | _aWB | ||
| 650 | _aENVIRONMENT AGENCY | ||
| 650 | _aCLASSIFICATION | ||
| 650 | _aGUIDANCE | ||
| 650 | _aEC DIRECTIVES | ||
| 650 | _aHAZARDOUS WASTE | ||
| 690 | _aENVIRONMENTAL AND LAND CONSULTANCY-WASTE MANAGEMENT | ||
| 942 | _n0 | ||
| 999 |
_c71175 _d71175 |
||